Cançoner de la secció de Muntanya. (Record no. 39610)

MARC details
000 -LEADER
campo de control de longitud fija 00560nam a2200193 i 4500
001 - NÚMERO DE CONTROL
campo de control 39610
003 - IDENTIFICADOR DE NÚMERO DE CONTROL
campo de control ES-MaACL
005 - FECHA Y HORA DE LA ÚLTIMA TRANSACCIÓN
campo de control 20250827034935.0
007 - CAMPO FIJO DE DESCRIPCIÓN FÍSICA--INFORMACIÓN GENERAL
campo de control de longitud fija t|
008 - DATOS DE LONGITUD FIJA--INFORMACIÓN GENERAL
campo de control de longitud fija 030303s1951 sp ||||1| cat d
245 00 - MENCIÓN DEL TÍTULO
Título Cançoner de la secció de Muntanya.
260 ## - PUBLICACIÓN, DISTRIBUCIÓN, ETC.
Lugar de publicación, distribución, etc. Barcelona :
Nombre del editor, distribuidor, etc. [s.n.,
Fecha de publicación, distribución, etc. 1951]
300 ## - DESCRIPCIÓN FÍSICA
Extensión 60 p. ;
Dimensiones 15 cm.
500 ## - NOTA GENERAL
Nota general Precede al tít.: Centro Excursionista de Catalunya.
500 ## - NOTA GENERAL
Nota general Not. musi.
710 2# - ENTRADA AGREGADA--NOMBRE DE ENTIDAD CORPORATIVA
Nombre de entidad corporativa o nombre de jurisdicción como elemento de entrada Centre Excursionista de Catalunya
9 (RLIN) 2554
852 ## - LOCALIZACIÓN
Ubicación ES-MaACL
Número de control de estantería 1997-F-8
Sublocalización o colección R.33364
Holdings
Estatus retirado Estado de pérdida Estado de daño No para préstamo Colección Biblioteca de origen Biblioteca actual Ubicación en estantería Fecha de adquisición Fuente de adquisición Total de préstamos Signatura topográfica completa Código de barras Visto por última vez Precio de reemplazo Tipo de ítem Koha
        Colección de folletos Biblioteca del Ateneo de Madrid Biblioteca del Ateneo de Madrid Depósito folletos 17/01/2008     1997-F-8 1041715 23/02/2023 23/02/2023 Folleto